000 01221naa a22003257a 4500
001 BR7807593
003 BR-BrBNA
005 20240918174255.0
007 ta
008 230509b bl.||||| |||| 00| 0 por d
040 _aBR-BrBNA
_bpor
_cBiblioteca Nacional de Agricultura
041 _a(Pt)
072 _aE30; S00
_b/G514
090 _aE30 BR7807593
100 1 _aSantos, T.D. dos
111 1 _a1. Simposio Nacional de Alimentacao e Nutricao
_cBrasilia, DF (Brazil)
_d13-16 Aug 1978
245 1 _aAcoes sociais em projetos de promocao de agricultures de baixa renda [nutricao humana, politica de desenvolvimento, Brasil]
260 3 _aBrasilia, DF (Brasil):
_c1978.
500 _a1. Simposio Nacional de Alimentacao e Nutricao - PRONUTRAL Brasilia, DF (Brasil): 1978. p. 247-256 (BR7807593-AM)E30
650 _aPROJETO DE DESENVOLVIMENTO
650 _aDESENVOLVIMENTO SOCIAL
650 _aSAUDE
650 _aBAIXA RENDA
650 _aNUTRICAO HUMANA
650 _aEXTENSAO RURAL
650 _aDIRETRIZ
773 0 _t1. Simposio Nacional de Alimentacao e Nutricao - PRONUTRAL
_wE30 BR7807593
_gBrasilia, DF (Brasil), 1978. p. 247-256
909 _a202404
_bLucia
_c55
_dLucia Elande
942 _cAM
_2AGRIS
999 _c310041
_d310041